| 000 | 00429nam a2200157Ia 4500 | ||
|---|---|---|---|
| 008 | 180423s9999 xx 000 0 und d | ||
| 040 | _aPK-NaQUE | ||
| 100 | _a12ME20 | ||
| 100 | _aRaheel Khan Jarwar | ||
| 245 | 0 | _aReducing The Environmental Impacts of Waste Water & Design of Treatment Plants | |
| 260 | _aNawabshah | ||
| 260 | _bQUEST | ||
| 260 | _c2012 | ||
| 300 | _a68 | ||
| 700 | _aDepartment of Mechanical Engineering | ||
| 999 |
_c58526 _d58523 |
||